000 00551nam a2200181Ia 4500
005 20250508160747.0
008 008 250505s9999 xx 000 0 eng d
037 _aTextual
040 _aFEDL
_beng
_cFEDL
041 _aeng
_2eng
084 _a372.51, KUE
_qFEDL
100 _aKuehl John
_955604
245 0 _aCreative writing and rewriting : Contemporary American novelists at work
260 _aNew York, USA
_bAppleton - Century - Crofts
_c1967
300 _axii,308p
942 _cTEXL
_h372.51, KUE
999 _c1366463
_d1366463